Bounding the Mekong : the Asian Development Bank, China, and Thailand /

Bibliographic Details
Main Author: Glassman, Jim
Format: Book
Language:English
Published: Honolulu : University of Hawaiʻi Press, [2010]
Subjects:

MARC

Tag First Indicator Second Indicator Subfields
LEADER 00000cam a2200000 a 4500
001 in00002670708
005 20151202093548.0
008 100215s2010 hiuab b s001 0 eng c
010 |a  2010006348 
020 |a 9780824834449 (hardcover : alk. paper) 
020 |a 0824834445 (hardcover : alk. paper) 
035 |a (OCoLC)ocn539082011 
035 |a (OCoLC)539082011 
040 |a HU/DLC  |c DLC  |d YDX  |d YDXCP  |d CDX  |d UtOrBLW 
042 |a pcc 
049 |a TXAM 
050 0 0 |a HC441.Z9  |b G55 2010 
082 0 0 |a 338.959  |2 22 
100 1 |a Glassman, Jim. 
245 1 0 |a Bounding the Mekong :  |b the Asian Development Bank, China, and Thailand /  |c Jim Glassman. 
264 1 |a Honolulu :  |b University of Hawaiʻi Press,  |c [2010] 
264 4 |c ©2010 
300 |a xv, 207 pages :  |b illustrations, maps ;  |c 24 cm. 
336 |a text  |b txt  |2 rdacontent 
337 |a unmediated  |b n  |2 rdamedia 
338 |a volume  |b nc  |2 rdacarrier 
504 |a Includes bibliographical references and index. 
505 0 |a Approaching the Greater Mekong Subregion -- Thinking the spaces and places of class -- Producing the Greater Mekong Subregion -- Turning battlefields into marketplace-battlefields -- Going west, by southwest -- Harnessing resources and labor -- Bounding the Mekong. 
651 0 |a Mekong River Region  |x Economic integration. 
650 0 |a Economic development projects  |z Mekong River Region. 
650 0 |a Regionalism  |z Mekong River Region. 
650 0 |a Social classes  |x Economic aspects  |z Mekong River Region. 
610 2 0 |a Greater Mekong Subregion Economic Cooperation Program. 
610 2 0 |a Asian Development Bank. 
938 |a YBP Library Services  |b YANK  |n 3325463 
938 |a Coutts Information Services  |b COUT  |n 12322597 
945 |a PromptCat  |b 124594 
946 |a stk 
947 |a A14839745529 
994 |a 92  |b TXA 
948 |a Cataloged  |b h  |c 2010/11/5  |d c  |e ibarton 
999 |a MARS 
999 f f |s 45b0015a-4656-3c4d-ab2b-b778aef5a921  |i f6ba7019-767a-3206-864c-11ddc0ce41fe  |t 0 
952 f f |p normal  |a Texas A&M University  |b College Station  |c Sterling C. Evans Library  |d Evans: Library Stacks  |t 0  |e HC441.Z9 G55 2010  |h Library of Congress classification  |i unmediated -- volume  |m A14839745529 
998 f f |a HC441.Z9 G55 2010  |t 0  |l Evans: Library Stacks